| 000 | 01923cam a22003617a 4500 | ||
|---|---|---|---|
| 001 | 15530755 | ||
| 005 | 20210414113928.0 | ||
| 008 | 081121s2008 enka b 001 0 eng d | ||
| 010 | _a 2008278175 | ||
| 020 | _a190640321X (pbk.) | ||
| 020 | _a9781906403218 (pbk.) | ||
| 035 | _a(OCoLC)ocn190778046 | ||
| 040 |
_aYDXCP _cYDXCP _dBTCTA _dBAKER _dBWK _dBWX _dOCLCQ _dIXA _dDLC |
||
| 042 | _alccopycat | ||
| 043 | _ae-uk--- | ||
| 050 | 0 | 0 |
_aHG3756.G7M36 _b |
| 082 | 0 | 0 |
_a658.8/83 _222 |
| 100 | 1 | _aMcNab, Helen. | |
| 245 | 1 | 0 |
_aConsumer credit risk management / _cHelen McNab, Peter Taylor. |
| 260 |
_aLondon, U.K. : _bGlobal Professional Publishing, _c2008. |
||
| 300 |
_axiv, 380 p. : _bill. ; _c24 cm. |
||
| 500 | _a"A special edition of the IFS School of Finance text of Consumer credit risk management printed by Global Professional Publishing under license from IFS School of Finance"--P. [4] of cover. | ||
| 504 | _aIncludes bibliographical references and index. | ||
| 505 | _aContents: Consumer credit environment -- Data and databases -- Application scorecards -- Behavioural scorecards -- Scorecards for credit marketing -- Financial forecasting and basel rating models --Governance -- New application credit strategies -- Post-acquisition credit strategies -- Fraud prevention strategies -- The Management of provisions and regulatory capital -- Application processing -- Account management -- Fraud management -- Delinquent account management -- External agents -- Litigation -- Regulatory and volutary bodies. | ||
| 650 | 0 |
_aConsumer credit _zGreat Britain. |
|
| 650 | 0 |
_aRisk management _zGreat Britain. |
|
| 650 | 0 |
_aBanks and banking _zGreat Britain. |
|
| 700 | 1 | _aTaylor, Peter. | |
| 710 | 2 | _aIFS School of Finance. | |
| 906 |
_a7 _bcbc _ccopycat _d2 _encip _f20 _gy-gencatlg |
||
| 942 |
_2lcc _cBK |
||
| 999 |
_c739 _d8239 |
||